000 01004nam a2200205Ia 4500
999 _c38754
_d38754
001 5084
003 GE_BSU
005 20190528152707.0
008 181216s1975||||ge |||||||||||||| ||geo||
040 _cGE_BSU
041 _ageo
080 _a681.2(076.5) ტ-68
100 _aტომარაძე, ო.
_91721
245 _aსასწავლო-საწარმოო პრაქტიკუმი ხელსაწყოთმშენებლობაში :
_bდამხმ.სახელმძღვ. /
_cო. ტომარაძე, ზ. დემურიშვილი ; რედ. ე.კირვალიძე.
264 _aთბილისი :
_bსპი,
_c1975.
300 _a124გვ. ;
_c20 სმ.
653 _aსასწავლო-საწარმოო პრაქტიკუმი ხელსაწყოთმშენებლობაში
700 _aდემურიშვილი, ზ.
_eავტორი
_91722
942 _cBK
_2udc